000 01982nam a22003257a 4500
005 20100514121044.0
010 _aENG-96065
020 _a9788180386237
_c2195.00
035 _aEN-79597
035 _aB-424458-461
037 _bDBAD/PUB
037 _bBlueberry Books
082 _a346.730662
100 _aSridharan, N.R.
_928662
245 _aGuide to takeovers and mergers :
_cby N.R.Sridharan [and] P.H.Arvindh Pandian
_ba complete guide to corporate restructuring, arrangements, compromises, demergers amalgamations and acquisitions /
250 _a3rd rev.& enl.ed.
260 _aGurgaon
_bLexisnexis Butterworths
_c2010
270 _a14th Floor, Building No. 10, Tower-B, DLF Cyber city, Phase-II
_bGurgaon
_e122002
300 _axciii,2069p.
_c24cm (Hb)
500 _aIncludes index
650 _aConsolidation & Merger of Corporation
_928663
700 _aPandian, P.H. Arvindh
_917270
942 _2ddc
_cEN
_mSRI
_h346.730662
999 _c36065
_d36065